Market-driven management : (Record no. 5705)
[ view plain ]
| 000 -LEADER | |
|---|---|
| fixed length control field | 00660cam a22002052 4500 |
| 001 - CONTROL NUMBER | |
| control field | 0000002209 |
| 005 - DATE AND TIME OF LATEST TRANSACTION | |
| control field | 20151217151844.0 |
| 008 - FIXED-LENGTH DATA ELEMENTS--GENERAL INFORMATION | |
| fixed length control field | 070404s xx 000 0 eng d |
| 020 ## - INTERNATIONAL STANDARD BOOK NUMBER | |
| Terms of availability | KES 3,920 |
| 040 ## - CATALOGING SOURCE | |
| Original cataloging agency | KABU |
| Transcribing agency | KABU |
| 050 #0 - LIBRARY OF CONGRESS CALL NUMBER | |
| Classification number | HF5415.13 |
| Item number | .L36 2000 |
| 100 1# - MAIN ENTRY--PERSONAL NAME | |
| Personal name | Lambin, Jean-Jacques, |
| Dates associated with a name | 1933-. |
| -- | 0000151478 |
| 245 10 - TITLE STATEMENT | |
| Title | Market-driven management : |
| Remainder of title | strategic and operational marketing / |
| Statement of responsibility, etc. | Jean-Jacques Lambin. |
| 260 ## - PUBLICATION, DISTRIBUTION, ETC. (IMPRINT) | |
| Place of publication, distribution, etc. | Houndsmills : |
| Name of publisher, distributor, etc. | Palgrave, |
| Date of publication, distribution, etc. | 2000. |
| 300 ## - PHYSICAL DESCRIPTION | |
| Extent | xxxviii, 737 p. |
| 650 #0 - SUBJECT ADDED ENTRY--TOPICAL TERM | |
| Topical term or geographic name as entry element | Marketing |
| Geographic subdivision | European |
| General subdivision | Management. |
| -- | 0000151479 |
| 908 ## - PUT COMMAND PARAMETER (RLIN) | |
| Put command parameter | 070404 |
| 950 ## - LOCAL HOLDINGS (RLIN) | |
| -- | 1 |
| Withdrawn status | Lost status | Source of classification or shelving scheme | Not for loan | Home library | Current library | Date acquired | Total Checkouts | Full call number | Barcode | Date last seen | Price effective from | Koha item type |
|---|---|---|---|---|---|---|---|---|---|---|---|---|
| Library of Congress Classification | Kabarak, Main Campus | Kabarak, Main Campus | 17/12/2015 | HF5415.13 .L36 2000 | 002402 | 17/12/2015 | 17/12/2015 | General Collection |